000 00365 a2200145 4500
001 177433
020 _a
040 _cMagnum
100 _aMarques,cristina e Rhod,angela
240 1 0 _aNo reino da frutolandia: miucha ameixa
_lpor
245 1 0 _aNo reino da frutolandia: miucha ameixa
362 0 _a1899
697 _aMAGNITO: I/AVENTURA, CRIANCAS
942 _cBK
999 _c177433
_d177433